| 000 | 00754cam a2200265 i 4500 | ||
|---|---|---|---|
| 001 | 0000654 | ||
| 003 | DO-SdBNP | ||
| 005 | 20160905142601.0 | ||
| 007 | 0000654 | ||
| 008 | 100514s 2008 sp | 000 f spa | ||
| 015 | _a | ||
| 017 |
_a _b |
||
| 020 | _a9788403098626 | ||
| 035 | _a | ||
| 040 |
_aBPMSU _bspa _cBPMSU _e |
||
| 080 | _a | ||
| 100 | 1 |
_aRojas Marcos, Luis _d1943- |
|
| 245 | 1 | 0 |
_aConvivir _bel laberinto de las relaciones de pareja, familiares y laborales / _cLuis Rojas Marcos |
| 260 |
_aMadrid : _bAguilar, _bSantillana ediciones generales, _c2008. |
||
| 300 |
_a206 p.: _c24 cm |
||
| 500 | _aIncluye datos biográficos del autor. | ||
| 504 | _aBibliografía p: 205-206 | ||
| 942 |
_2ddc _cBK |
||
| 956 |
_aYLOCKWARD _810 _cBPMSU |
||
| 999 |
_c11317 _d11317 |
||